Catalogue de la Bibliothèque de l'ENSA

Estimation du potentiel de fertilité des sols par la voie pédochimique et étude de son incidence sur la détermination des fumures (notice nᵒ 12592)

détails MARC
000 -LEADER
fixed length control field 00741nam a2200193Ia 4500
008 - FIXED-LENGTH DATA ELEMENTS--GENERAL INFORMATION
fixed length control field 160105s9999 xx 000 0 und d
041 ## - LANGUAGE CODE
Language code of text/sound track or separate title fre
100 ## - MAIN ENTRY--PERSONAL NAME
Personal name BOURAYOU, Khadidja / BENHAMICHE, Salah
245 ## - TITLE STATEMENT
Title Estimation du potentiel de fertilité des sols par la voie pédochimique et étude de son incidence sur la détermination des fumures
260 ## - PUBLICATION, DISTRIBUTION, ETC.
Date of publication, distribution, etc 1975
300 ## - PHYSICAL DESCRIPTION
Other physical details ill.
500 ## - GENERAL NOTE
General note Cote d'origine affectée par la BC : BC_1343 85 devient DF_211
502 ## - DISSERTATION NOTE
-- Fac. des sci. agron. de Gembloux
502 ## - DISSERTATION NOTE
-- 1975
654 ## - SUBJECT ADDED ENTRY--FACETED TOPICAL TERM
General subdivision FERTILITE/SOL/TECHNIQUE ANALYTIQUE/PLANTE/METHODE/EXPLOITATION AGRICOLE/ENVIRONNEMENT/ENGRAIS/BOTANIQUE
942 ## - ADDED ENTRY ELEMENTS (KOHA)
Koha item type Thèse - Mémoire
994 ## -
-- 112784
Exemplaires
Withdrawn status Lost status Damaged status Use restrictions Not for loan Home library Current library Cost, normal purchase price Shelving control number Total Checkouts Total Renewals Total Holds Full call number Barcode Cost, replacement price Koha item type
          Département de Foresterie Département de Foresterie 0.00         DF_2114 DF_2114 0.00 Thèse - Mémoire

Adresse: Ecole Nationale Supérieure Agronomique Hassen Badi - El Harrach Alger, Algérie

Tél +213 (0) 23 82 85 07+213 (0) 23 82 85 12 Fax +213 23 82 85 03/04 Courriel: bibliotheque@edu.ensa.dz